|
|
|
|
| LEADER |
00925cam a2200265 a 4500 |
| 001 |
c000219383 |
| 003 |
CARM |
| 005 |
20060802133010.0 |
| 008 |
711215s1972 nyua b 001 0 eng |
| 019 |
1 |
|
|a 57133
|5 LACONCORD2021
|
| 020 |
|
|
|a 0070409609
|
| 035 |
|
|
|a (OCoLC)214914
|5 LACONCORD2021
|
| 040 |
|
|
|a LC
|b eng
|c LC
|d WHCC
|
| 050 |
0 |
0 |
|a TK7871.85
|b .M375
|
| 082 |
0 |
4 |
|a 621.3815
|
| 100 |
1 |
|
|a Matthews, John I.
|
| 245 |
1 |
0 |
|a Solid-state electronics concepts /
|c [by] John I. Matthews.
|
| 260 |
|
|
|a New York :
|b McGraw-Hill,
|c c1972.
|
| 300 |
|
|
|a 406 p. :
|b ill. ;
|c 25 cm.
|
| 504 |
|
|
|a Includes bibliographies and index.
|
| 650 |
|
0 |
|a Semiconductors.
|
| 650 |
|
0 |
|a Transistor circuits.
|
| 852 |
8 |
|
|b CARM
|h A2:AF13H0
|i F00838
|p 0312552
|f BK
|
| 999 |
f |
f |
|i e903a2de-8ddb-52ca-a868-97879d810186
|s d49ad140-d697-589c-a299-48ec8256acac
|
| 952 |
f |
f |
|p Can circulate
|a CAVAL
|b CAVAL
|c CAVAL
|d CARM 1 Store
|e F00838
|f A2:AF13H0
|h Other scheme
|i book
|m 0312552
|